Leyes de radiodifusión
Gespeichert in:
| 1. Verfasser: | |
|---|---|
| Format: | Buch |
| Sprache: | Spanisch |
| Veröffentlicht: |
Bonn
Inter Nationes
1989
|
| Schlagworte: | |
| Tags: |
Tag hinzufügen
Keine Tags, Fügen Sie den ersten Tag hinzu!
|
MARC
| LEADER | 00000nam a2200000 a 4500 | ||
|---|---|---|---|
| 001 | UCW4195 | ||
| 003 | CL-VaPUC | ||
| 008 | 891024e19890000GW |||||||||||||||||spa|d | ||
| 082 | 0 | 4 | |a 384.54 |b HIL |2 21 |
| 100 | 0 | |a Hillig, Hans-Peter |e author |9 308794 | |
| 245 | 1 | 0 | |a Leyes de radiodifusión |
| 300 | |a 234 p | ||
| 942 | |c BK | ||
| 945 | |d 19891024 00:00:00 | ||
| 260 | |a Bonn |b Inter Nationes |c 1989 | ||
| 650 | 0 | |a Radiodifusión |9 308795 | |
| 650 | 0 | |a Radio |9 260680 | |
| 650 | 7 | |a LEGISLACION |2 CL-VaPUC |9 308796 | |
| 651 | 0 | |a Alemania |9 255688 | |
| 583 | |a last modification |c 19891024 00:00:00 |k Rodrigo Vera | ||
| 999 | |c 217982 |d 217980 | ||
| 952 | |0 0 |1 0 |4 0 |6 384_540000000000000_HIL_1989 |7 0 |8 P |9 206716 |a BIBEDU |b BIBEDU |c BIBEDU_PB |d 2019-11-15 |i 2745437 |o 384.54 HIL 1989 |p 2745437 |r 2024-01-25 |w 2019-11-15 |y BK |k EDU | ||